La Dream Team de basket de 1992 - Statistiques

Statistiques générales
  • Ce quiz a été pris 235 fois
  • Le résultat moyen est 9 sur 13
Statistiques - réponses
Franchises Joueurs % Correct
Bulls Michael Jordan
100%
Celtics Larry Bird
94%
Bulls Scottie Pippen
92%
Lakers Magic Johnson
87%
Suns Charles Barkley
77%
Jazz Karl Malone
77%
Jazz John Stockton
76%
Spurs David Robinson
75%
Knicks Patrick Ewing
74%
Blazers Clyde Drexler
59%
Warriors Chris Mullin
50%
Timberwolves Christian Laettner
26%
Coach Chuck Daly
23%
Aucun quiz correspondant
Distribution des résultats
% des personnes avec chaque résultat
Percentile par nombre de réponses
Votre historique - résultats
Vous n’avez pas pris ce quiz